| 000 | 01399nac a22002771u 4500 | ||
|---|---|---|---|
| 008 | 100905t xxu||||| |||| 00| 0 eng d | ||
| 010 | _a 2005297860 | ||
| 020 | _a0131429949 | ||
| 028 | _bwww.loc.gov. | ||
| 035 | _a(OCoLC)ocm57374488 | ||
| 082 |
_a624.18 _bMAC |
||
| 100 |
_aMacGregor, James G. _917950 |
||
| 245 | 1 | 0 |
_aReinforced Concrete : _bMechanics and Design / _cJames G. MacGregor, James K. Wight. |
| 250 | _a4th ed. | ||
| 260 |
_aUpper Saddle River, N.J. : _bPrentice Hall, _cc2005. |
||
| 300 |
_axx, 1132 p. : _bill. ; _c26 cm. |
||
| 490 |
_917949 _aPrentice Hall International Series in Civil Engineeering and Engineering Mechanics |
||
| 504 | _aIncludes bibliographical references (p. 1092-1109) and index. | ||
| 650 | 0 |
_aReinforced concrete construction. _917951 |
|
| 650 | 0 |
_aReinforced concrete. _917952 |
|
| 700 | 1 |
_aWight, James K. _917953 |
|
| 942 |
_cBB _k624.18MAC _2ddc |
||
| 999 |
_c2424 _d2424 |
||